000 00466nam a2200181Ia 4500
001 22360
005 20260414150826.0
008 260414t2004||||xx |||||||||||||| ||spa||
041 _aESP
082 _a621.38
_bC64 P. 1-2
100 _aAcademia de Networking de Cisco Systems
_eAUT
245 0 _aGuía del primer año CCNA 1 y 2
_b
260 _c2004
300 _axxxiv, 974 páginas :
_c25 cm.
650 _aTCA
654 _aCET
942 _cLIB
_dJUS
_fJUS
_2ddc
_n
999 _c22360
_d22360